Corel draw 8 : (Record no. 19545)
[ view plain ]
| 000 -LEADER | |
|---|---|
| fixed length control field | 00553nam a2200193 a 4500 |
| 005 - DATE AND TIME OF LATEST TRANSACTION | |
| control field | 20140310183146.0 |
| 008 - FIXED-LENGTH DATA ELEMENTS--GENERAL INFORMATION | |
| fixed length control field | 020823s19uu xx 00 eng d |
| 020 ## - INTERNATIONAL STANDARD BOOK NUMBER | |
| International Standard Book Number | 0764531832 |
| 050 ## - LIBRARY OF CONGRESS CALL NUMBER | |
| Classification number | T 385 |
| Item number | .M5445 1998 |
| 100 ## - MAIN ENTRY--PERSONAL NAME | |
| Personal name | Miller, Deborah |
| 245 ## - TITLE STATEMENT | |
| Title | Corel draw 8 : |
| Remainder of title | Bible / |
| Statement of responsibility, etc | Deborah Miller. |
| 260 ## - PUBLICATION, DISTRIBUTION, ETC. (IMPRINT) | |
| Place of publication, distribution, etc | Foster City, CA : |
| Name of publisher, distributor, etc | IDG Books Worldwide, Inc., |
| Date of publication, distribution, etc | 1998. |
| 300 ## - PHYSICAL DESCRIPTION | |
| Extent | xxxii, 954 p. : |
| Other physical details | ill. (some col.) ; |
| Dimensions | 24 cm. |
| 521 ## - TARGET AUDIENCE NOTE | |
| Target audience note | |
| 546 ## - LANGUAGE NOTE | |
| Language note | C0634 |
| 650 ## - SUBJECT ADDED ENTRY--TOPICAL TERM | |
| Topical term or geographic name as entry element | Corel draw |
| 650 ## - SUBJECT ADDED ENTRY--TOPICAL TERM | |
| Topical term or geographic name as entry element | Computer graphics |
| 942 ## - ADDED ENTRY ELEMENTS (KOHA) | |
| Koha item type | Books |
| Source of classification or shelving scheme | Library of Congress Classification |
| Call number prefix | Foreign |
| Withdrawn status | Lost status | Source of classification or shelving scheme | Damaged status | Home library | Current library | Shelving location | Date acquired | Total Checkouts | Full call number | Barcode | Date last seen | Copy number | Price effective from | Koha item type |
|---|---|---|---|---|---|---|---|---|---|---|---|---|---|---|
| Library of Congress Classification | College Library | College Library | General Circulation Section | 12/02/2013 | T 385 .M5445 1998 | C0634 | 05/15/2018 | 1 | 12/02/2013 | Books |